000 00918nam a2200277 i 4500
001 bg
100 1 _aTRĘBACKI, Kazimierz
245 1 0 _aWybrane zagadnienia hydrosprężystości zbiorników okrętowych i oceanotechnicznych :
_bteoria i badania /
_cKazimierz Trębacki.
260 _aGdańsk :
_bWydaw. PG,
_c2005.
300 _a159 s. :
_brys., wykr. ;
_c24 cm.
490 1 _aMonografie / Politechnika Gdańska ;
_v57
500 _aStreszcz. pol., ang.
504 _aBibliogr.
650 9 _aOceanotechnika
_xkonstrukcje
_xbadanie
650 9 _aStatki
_xkonstrukcje
_xbadanie
650 9 _aZbiorniki
_xbadanie
650 9 _aSprężystość
_xbadanie
830 0 _aMonografie (Politechnika Gdańska) ;
_v57
020 _a8373481222
040 _cBPK
041 0 _apol
_beng
080 _a626/627(26):629.5:624.95:539.3
920 _a83-7348-122-2
942 _cKS
008 s pl f |000 0 pol
999 _c46422
_d46422
856 _uhttp://koha.tu.koszalin.pl/cgi-bin/koha/opac-detail.pl?biblionumber=46422
_yKatalog online BPK